| 000 | 00515nam a22001937a 4500 | ||
|---|---|---|---|
| 005 | 20220530123507.0 | ||
| 008 | 220530b ||||| |||| 00| 0 eng d | ||
| 020 | _a8120728904 | ||
| 040 |
_aIN-DiNC _cIN-DiNC |
||
| 041 | _deng | ||
| 082 | _a333.7 | ||
| 100 |
_aPannerselvam A _eauthor |
||
| 245 |
_aEnvironmental science education _cby A. Panneerselvam |
||
| 250 | _a2nd rev. | ||
| 260 |
_aNew Delhi _bSterling publishers _c2005 |
||
| 300 | _a127p. | ||
| 700 |
_aMohana Ramakrishnan _eauthor |
||
| 942 |
_2ddc _cBK |
||
| 999 |
_c11312 _d11312 |
||